1873 1460 1254 1733 1251 1579 1016 1943 1975 1666 1927 1096 1645 1596 1358 1552 1828 1243 1794 1266 1298 1209 1433 1771 1461 1462 1213 1347 1544 1444 1149 1133 1007 1058 1353 1847 1169 1967 1208 1009 1173 1057 1028 1244 1348 1475 1683 1473 1986 1493 1856 1990 1396 1629 1692 1275 1109 1251 1738 1711 1182 1583 1795 1557 1587 1118 1389 1469 1063 1391 1736 1621 1998 1984 1366 1821 1881 1413 1459 1455 1019 1490 1682 1194 1056 1500 1250 1637 1992 1984 1316 1906 1208 1873 1289 1714 1902 1718 1162 BCNSPRNW ULIB Ver.6.0+V

เปลี่ยนเป็นภาษาไทย

Change to English
 แสดงรายละเอียดบรรณานุกรม
  กลับหน้าหลัก

Brief Record : Get Marc (ISO 2709) : E-mail record : QR code < ปิดหน้าต่าง
LEADER : 00000nam 2200000uu 4500
001    13399111830
003     ULIB
008    110627s2552||||th 000 0 tha d
020    9786167081175
090    นว.^bม557ช 2552
100 0  มิ่งมาดา
245 00 เชลยรักบัลลังก์ทราย/^cมิ่งมาดา
250    พิมพ์ครั้งที่ 1
260    กรุงเทพฯ :^bSmart book,^c2552
300    275 หน้า
945    ^p200^l0^i026961
945    ^p200^l0^i16987
995    ทศพร
999 ^a ใช้งานได้ทุกระบบ
รายการนี้ยังไม่มีแท็ก
คุณยังไม่ได้ล็อกอิน คุณสามารถมีกิจกรรมร่วมกับเว็บไซต์ได้ แต่ต้องล็อกอินก่อน ::
  ล็อกอิน

รายการสื่อสารสนเทศ

ลำดับที่ ประเภท เลขเรียก/บาร์โค้ด สถานที่ สถานะ
1. นวนิยาย
นวนิยาย
นว. ม557ช 2552 ฉ.1 
  Barcode: 16987
ห้องสมุดวิทยาเขตสวรรค์ประชารักษ์
►นวนิยาย
บนชั้น
  ขอยืม

BibComment


ยังไม่เคยถูกคอมเมนท์

คอมเมนท์ทรัพยากรรายการนี้
  คอมเมนท์: เชลยรักบัลลังก์ทร..


 Copyright 2026. Bcnsprnw @Library